Information systems adoption and implementation in small businesses in Singapore /
محفوظ في:
| المؤلف الرئيسي: | |
|---|---|
| التنسيق: | أطروحة كتاب |
| اللغة: | English |
| منشور في: |
1996.
|
| الموضوعات: | |
| الوسوم: |
إضافة وسم
لا توجد وسوم, كن أول من يضع وسما على هذه التسجيلة!
|
| LEADER | 00906cam a2200253 a 4500 | ||
|---|---|---|---|
| 001 | u413076 | ||
| 003 | SIRSI | ||
| 008 | 910604s1996 si v 00 10 eng m | ||
| 035 | |a ACD-4347 | ||
| 040 | |a UMM | ||
| 043 | |a a-si--- | ||
| 090 | |a HD2346 |b S55Tho | ||
| 100 | 1 | 0 | |a Thong, James Yeong Liang. |
| 245 | 1 | 0 | |a Information systems adoption and implementation in small businesses in Singapore / |c by Thong Yeong Liang James. |
| 260 | |c 1996. | ||
| 300 | |a xiv, 227 leaves : |b ill. ; |c 31 cm. | ||
| 502 | |a Thesis (Ph.D.) -- National University of Singapore, 1996. | ||
| 504 | |a Bibliography: leaves 174-200. | ||
| 650 | 0 | |a Small business |z Singapore |x Automation. | |
| 650 | 0 | |a Management information systems. | |
| 650 | 0 | |a Information technology |z Singapore | |
| 948 | |a 07/07/1997 |b 25/11/2000 | ||
| 596 | |a 1 | ||
| 999 | |a HD2346 S55THO |w LC |c 1 |i A506945364 |d 13/1/2022 |e 13/1/2022 |l STACKS |m P01UTAMA |n 16 |r Y |s Y |t TESIS |u 29/9/1997 | ||
